Top 100 Football Players of the 5 Most Recent Years (2021) - Statistics

General Stats
  • This quiz has been taken 2,566 times
  • The average score is 61 of 100
Answer Stats
# 2017 2018 2019 2020 2021 Points Player % Correct
2 2 2 4 3 8 19 Cristiano Ronaldo
99%
1 1 3 1 2 2 9 Lionel Messi
99%
3 8 4 6 7 6 31 Kylian Mbappé
98%
5 22 5 5 8 3 43 Mohamed Salah
96%
8 3 11 31 9 13 67 Neymar
96%
7 5 9 15 20 15 64 Harry Kane
95%
4 4 8 12 4 10 38 Kevin De Bruyne
93%
6 7 30 7 1 1 46 Robert Lewandowski
92%
9 36 19 3 5 23 86 Sadio Mané
90%
12 51 48 20 12 4 135 Karim Benzema
86%
22 18 6 25 90 76 215 Antoine Griezmann
85%
18 24 2 10 43 180 Virgil van Dijk
83%
30 53 6 7 268 Erling Braut Haaland
82%
29 78 19 22 39 259 Heung-min Son
82%
16 6 1 45 71 40 163 Luka Modrić
82%
11 15 14 26 58 19 132 Luis Suárez
79%
10 17 10 22 55 9 113 N'Golo Kanté
79%
48 76 74 68 54 58 330 Thiago Silva
78%
19 9 22 44 42 65 182 Toni Kroos
78%
34 84 68 16 70 45 283 Bernardo Silva
77%
42 38 20 46 306 David Silva
77%
17 11 17 36 13 178 Sergio Ramos
77%
13 35 27 24 28 33 147 Jan Oblak
76%
66 31 45 89 367 Dele Alli
75%
15 37 41 51 19 11 159 Romelu Lukaku
74%
20 64 67 37 11 18 197 Joshua Kimmich
73%
36 40 15 36 293 Manuel Neuer
73%
54 14 28 345 Thomas Müller
73%
28 23 11 43 80 258 Roberto Firmino
72%
21 20 15 13 65 214 Sergio Agüero
72%
40 65 37 46 53 302 Thibaut Courtois
72%
26 43 9 26 67 246 Alisson
70%
27 28 42 61 56 68 255 Casemiro
69%
14 62 31 8 27 29 157 Raheem Sterling
69%
32 17 18 34 271 Trent Alexander-Arnold
69%
51 60 96 25 56 338 Zlatan Ibrahimović
69%
22 10 7 14 83 215 Eden Hazard
68%
62 59 40 89 75 364 Ederson
67%
32 30 16 55 69 271 Paul Pogba
66%
61 23 34 360 Andrew Robertson
63%
75 96 48 35 381 Jamie Vardy
63%
80 61 57 91 75 385 Leroy Sané
63%
85 75 72 41 390 Marcus Rashford
63%
100 14 418 Rúben Dias
62%
43 69 21 16 308 Bruno Fernandes
61%
37 71 73 63 24 66 297 Ciro Immobile
61%
99 12 416 Gianluigi Donnarumma
61%
67 48 81 37 368 Marco Verratti
61%
58 23 39 93 357 David de Gea
60%
74 16 60 379 Gianluigi Buffon
60%
31 55 44 21 48 269 Marc-André ter Stegen
60%
76 95 12 73 382 Raphaël Varane
60%
44 100 39 38 32 310 Ángel Di María
59%
39 56 49 70 24 300 Giorgio Chiellini
59%
46 47 44 30 323 Lautaro Martínez
59%
64 71 49 44 366 Marquinhos
59%
24 14 26 42 39 222 Paulo Dybala
59%
59 46 50 79 82 358 Sergio Busquets
59%
86 50 38 391 Gareth Bale
58%
96 74 33 410 Jordan Henderson
58%
54 45 76 22 345 Leonardo Bonucci
58%
52 19 18 340 Marcelo
57%
78 92 10 79 383 Frenkie de Jong
56%
91 78 66 67 94 406 Keylor Navas
56%
35 13 21 56 292 Edinson Cavani
55%
37 38 16 41 297 Serge Gnabry
55%
80 86 50 47 385 Kai Havertz
54%
83 49 77 60 388 Riyad Mahrez
53%
45 52 62 5 321 Jorginho
52%
97 81 40 88 411 Hugo Lloris
51%
64 44 58 62 366 Lorenzo Insigne
51%
69 49 17 369 Thiago Alcântara
51%
76 94 31 55 382 David Alaba
50%
50 27 46 78 84 336 Dries Mertens
48%
71 91 34 51 97 374 Fabinho
48%
94 40 64 407 Leon Goretzka
47%
49 24 25 100 81 331 Philippe Coutinho
46%
25 21 55 28 36 241 Pierre-Emerick Aubameyang
46%
91 90 76 38 406 Achraf Hakimi
45%
59 35 37 84 358 João Félix
45%
54 54 59 30 345 Timo Werner
44%
57 56 30 62 350 Kalidou Koulibaly
43%
41 25 36 41 304 Christian Eriksen
42%
62 32 29 364 Jadon Sancho
42%
73 89 18 69 378 Matthijs de Ligt
42%
53 12 28 343 Isco
40%
70 57 13 373 Ivan Rakitić
39%
67 23 42 368 Alphonso Davies
38%
79 63 34 85 384 Diego Godín
38%
82 26 57 386 Dani Alves
37%
88 39 81 75 397 Gabriel Jesus
37%
47 33 32 60 327 Mauro Icardi
35%
90 52 50 405 César Azpilicueta
34%
94 42 62 407 Marco Asensio
34%
71 84 76 64 49 374 Memphis Depay
34%
91 64 57 83 406 Duván Zapata
29%
97 73 35 411 Samuel Umtiti
23%
87 29 60 392 Hakim Ziyech
22%
89 43 54 400 Edin Džeko
21%
83 85 51 50 388 Miralem Pjanić
21%
No matching quizzes found
Score Distribution
Percent of People with Each Score
Percentile by Number Answered
Your Score History
You have not taken this quiz